000 01123nam a22002417a 4500
999 _c9329
_d9329
003 AR-CdUCM
008 190327b ||||| |||| 00| 0 spa d
040 _aMUNICIPALIDAD PROVINCIAL DEL CUSCO
_cBIBLIOTECA MUNICIPAL DEL CUSCO
082 _a333.950985 /
_bC81
110 _aPro Naturaleza
_925447
245 _aConservación de la diversidad biológica: El reto fundamental /
260 _aLima :
_bFundación Peruana para la Conservación de la Naturaleza,
_c1997.
300 _a34 páginas ;
_bfiguras,
_c21 cm.
440 _aSerie documentos de conservación.
_n8
_925448
505 _aContenido: ¿Qué es la diversidad biológica? -- Po qué conservar la diversidad biológica -- Opciones y estrategias para el mantenimiento de la diversidad biológica -- Principios y medidas fundamentales -- Ley sobre la conservación y aprovechamiento sostenible.
650 _aDiversidad
_915934
650 _aDesarrollo sostenible
_94163
650 _aConservación de los recursos naturales
_922198
650 _aPolítica ambiental
_94262
710 _aThe Tinker Foundation.
_925449
942 _2ddc
_cLIBROS
945 _aachl